Basic immunology : (Record no. 120214)

MARC details
000 -LEADER
fixed length control field 01156nam a2200325 a 4500
003 - CONTROL NUMBER IDENTIFIER
control field OSt
005 - DATE AND TIME OF LATEST TRANSACTION
control field 20251017094100.0
008 - FIXED-LENGTH DATA ELEMENTS--GENERAL INFORMATION
fixed length control field
020 ## - INTERNATIONAL STANDARD BOOK NUMBER
International Standard Book Number 9780323390828 (paperback)
040 ## - CATALOGING SOURCE
Original cataloging agency NUST
Transcribing agency NUST
Language of cataloging eng
Modifying agency NUST
050 ## - LIBRARY OF CONGRESS CALL NUMBER
Classification number QR181 ABB
100 1# - MAIN ENTRY--PERSONAL NAME
Personal name Abbas, Abul K.,
Relator term Author
245 10 - TITLE STATEMENT
Title Basic immunology :
Remainder of title functions and disorders of the immune system/
Statement of responsibility, etc. Abul K Abbas ; Andrew H Lichtman & Shiv Pillai illustrations by David L Baker and Alexandra Baker.
250 ## - EDITION STATEMENT
Edition statement Fifth edition.
260 ## - PUBLICATION, DISTRIBUTION, ETC.
Place of publication, distribution, etc. St Louis, Missouri :
Name of publisher, distributor, etc. Elsevier,
Date of publication, distribution, etc. 2016.
300 ## - PHYSICAL DESCRIPTION
Extent x, 335 pages :
Other physical details colour illustrations ;
Dimensions 24 cm.
336 ## - CONTENT TYPE
Content type term text
Content type code txt
Source rdacontent
337 ## - MEDIA TYPE
Media type term unmediated
Media type code n
Source rdamedia
338 ## - CARRIER TYPE
Carrier type term volume
Carrier type code nc
Source rdacarrier
504 ## - BIBLIOGRAPHY, ETC. NOTE
Bibliography, etc. note Includes bibliographical references.
650 #1 - SUBJECT ADDED ENTRY--TOPICAL TERM
Topical term or geographic name entry element Immunology.
650 ## - SUBJECT ADDED ENTRY--TOPICAL TERM
Topical term or geographic name entry element Immunity.
650 ## - SUBJECT ADDED ENTRY--TOPICAL TERM
Topical term or geographic name entry element Immunologic diseases.
650 ## - SUBJECT ADDED ENTRY--TOPICAL TERM
Topical term or geographic name entry element Immune system
General subdivision Physiology.
650 ## - SUBJECT ADDED ENTRY--TOPICAL TERM
Topical term or geographic name entry element Immunological deficiency syndromes.
650 ## - SUBJECT ADDED ENTRY--TOPICAL TERM
Topical term or geographic name entry element Allergy.
700 ## - ADDED ENTRY--PERSONAL NAME
Personal name Lichtman, Andrew H.,
Relator term Author
700 ## - ADDED ENTRY--PERSONAL NAME
Personal name Pillai, Shiv.,
Relator term Author
942 ## - ADDED ENTRY ELEMENTS (KOHA)
Koha item type Ordinary Loan Books
Call number prefix QR
Call number suffix ABB
Source of classification or shelving scheme Library of Congress Classification
Classification part QR181
Suppress in OPAC No
Koha issues (borrowed), all copies 7
Holdings
Withdrawn status Lost status Source of classification or shelving scheme Damaged status Not for loan Collection Home library Current library Shelving location Date acquired Cost, normal purchase price Total Checkouts Total Renewals Full call number Barcode Date last seen Date last checked out Cost, replacement price Price effective from Koha item type Public note
    LCC     NFIC MEDICAL MAIN GEN 01/20/2023 24.00 9 6 QR181 ABB 92004047323 11/06/2025 10/17/2025 24.00 01/20/2023 BOOKS Donation